000 00500nam a2200157 i 4500
001 114640
003 ES-MaACL
005 20230906190218.0
007 t|
008 070316s1924 sp ||||1| spa d
245 0 0 _aNuevo régimen ferroviario establecido por Real Decreto-Ley de 12 de julio de 1924.
260 _aMadrid :
_bSamarán y Cía.,
_c[1924?]
300 _a83 p. ;
_c18 cm.
500 _aPrecede al tít.: Publicaciones de la Semana Financiera.
852 _aES-MaACL
_j1661-F-22
_bR.4448
999 _c114640
_d114640